00611nam a22001697a 450000100060000000300090000600500170001500800410003204000380007308200230011124500870013426000390022130000220026050500870028265000440036970000280041311725BD-DhUAP20210113153821.0210113s2007 bg x p w 0 a0eng d aBD-DhAALcBD-DhAALbEngdBD-DhUAP00a348.549204 DHA22300aThe Dhaka Law Reports :ba monthly law journal /cedited by Obaidul Huq Chowdhury. aDhaka :bDhaka law reports,c2007. avolumes ;c26 cm. aV. 59-Table of cases of the appellate division of the supreme court of Bangladesh. aLaw reports, digests, etc.zBangladesh. aChowdhury, Obaidul Huq.